The monk who sold his ferrari : a fable about fulfilling your dreams and reaching your destiny (Record no. 12608)

000 -LEADER
fixed length control field 00402nam a22001337a 4500
008 - FIXED-LENGTH DATA ELEMENTS--GENERAL INFORMATION
fixed length control field 241220b 2024 ||||| |||| 00| 0 eng d
020 ## - INTERNATIONAL STANDARD BOOK NUMBER
International Standard Book Number 9788179921623
082 ## - DEWEY DECIMAL CLASSIFICATION NUMBER
Classification number 823
Item number SHA
100 ## - MAIN ENTRY--PERSONAL NAME
Personal name Sharma, Robin
245 ## - TITLE STATEMENT
Title The monk who sold his ferrari : a fable about fulfilling your dreams and reaching your destiny
260 ## - PUBLICATION, DISTRIBUTION, ETC. (IMPRINT)
Place of publication, distribution, etc Mumbai
Name of publisher, distributor, etc Jaico Publishing House
Date of publication, distribution, etc 2024
300 ## - PHYSICAL DESCRIPTION
Extent 198p.
942 ## - ADDED ENTRY ELEMENTS (KOHA)
Item type Books
Holdings
Withdrawn status Lost status Source of classification or shelving scheme Damaged status Not for loan Collection code Permanent location Current location Shelving location Date acquired Total Checkouts Full call number Barcode Date last seen Date last borrowed Koha item type Public note Total Renewals
          Non-fiction IMU-MPC Library IMU-MPC Library General Stacks 2024-12-20 1 823 SHA MPC6911 2025-03-17 2025-02-20 Books Column - 24  
          Non-fiction IMU-MPC Library IMU-MPC Library General Stacks 2024-12-20 3 823 SHA MPC6912 2025-12-18 2025-10-16 Books Column - 24 6
          Non-fiction IMU-MPC Library IMU-MPC Library General Stacks 2024-12-20   823 SHA MPC6913 2025-03-17   Books Column - 24  
          Non-fiction IMU-MPC Library IMU-MPC Library General Stacks 2024-12-20 2 823 SHA MPC6914 2025-06-16 2025-05-27 Books Column - 24 2
          Non-fiction IMU-MPC Library IMU-MPC Library General Stacks 2024-12-20 1 823 SHA MPC6915 2025-02-17 2025-01-27 Books Column - 24 1
Copyright © 2021 Indian Maritime University, Mumbai Port Campus. All Rights Reserved. Managed & Maintained by Central Library, IMU-Mumbai

webs counters

Powered by Koha